| 000 | 00873nam a22002177a 4500 | ||
|---|---|---|---|
| 005 | 20170721100204.0 | ||
| 010 | _a1617CH-EN | ||
| 020 |
_a9780143334002 _c250.00 |
||
| 035 | _aB-641375-403 | ||
| 035 | _aB-667386 | ||
| 037 | _bAakar/Ven | ||
| 082 | _aS | ||
| 100 | _a Anand, Paro | ||
| 245 |
_aLike smoke / _c by Paro Anand |
||
| 260 |
_aGurgaon _bPenguin Books _c2015 |
||
| 270 |
_a7th floor Infinity Tower C, DLF Cyber City, _bGurgaon _e122002 |
||
| 300 |
_ax,217p. _c18cm(pbk) |
||
| 942 |
_2ddc _cCH _mANA _hS |
||
| 999 |
_c100693 _d100693 |
||